Statistics for Countries that Contain Most A-Z

Click here to take the quiz!

General Stats

  • This quiz has been taken 52 times
  • The average score is 19 of 28

Answer Stats

CountAnswer% Correct
H1Afghanistan, Bahamas, Bahrain, Bangladesh...
100%
Z1Azerbaijan, Belize, Bosnia and Herzegovina, Brazil...
100%
V1Bolivia, Bosnia and Herzegovina, Cape Verde, Ivory Coast...
98%
W1Botswana, Kuwait, Malawi, New Zealand...
98%
Q1Equatorial Guinea, Iraq, Mozambique, Qatar
95%
J1Azerbaijan, Djibouti, Fiji, Jamaica, Japan, Jordan, Tajikistan
90%
I3Dominican Republic, Kiribati, Philippines, Saint Kitts and Nevis, Saint Vincent and the Grenadines
90%
T3Federated States of Micronesia, Saint Kitts and Nevis, Saint Vincent and the Grenadines, United States
90%
S3Marshall Islands, Federated States of Micronesia, Saint Kitts and Nevis, Solomon Islands
79%
(Space)4Democratic Republic of the Congo, Saint Vincent and the Grenadines
76%
B2Antigua and Barbuda, Barbados, Zimbabwe
71%
K2Kazakhstan
69%
O4Democratic Republic of the Congo
67%
C4Democratic Republic of the Congo
67%
X1Luxembourg, Mexico
67%
E5Federated States of Micronesia
64%
F2Federated States of Micronesia
64%
U3Uruguay
62%
Y2Kyrgyzstan
60%
N6Saint Vincent and the Grenadines
60%
A5Antigua and Barbuda
52%
P3Philippines
52%
M2Mozambique, Myanmar
45%
-1Guinea-Bissau
38%
L3Marshall Islands
38%
D3Trinidad and Tobago
33%
G2Georgia
26%
R3Central African Republic
24%

Score Distribution

Percentile by Number Answered

Percent of People with Each Score

Your Score History

You have not taken this quiz